• 首页
  • 本馆介绍
  • 公告通知
  • 最新文献
  • 馆藏检索
  • 电子资源
  • 读者导购
  • 参考咨询
  • 我的图书馆
  • 登录
  • 详细信息显示
  • 放入我的书架
  • 预约/预借图书
  • 作者相关作品
  • 分类相关作品
  • 丛书相关作品
  • 出版社相关作品

书目信息

  • 表格格式
  • 工作单格式
  • 卡片格式
题名:
进一寸就有欢喜
    
 
作者: 胡适, 著
分册:  
出版信息: 北京   中国文史出版社  2022.04
页数: 272页
开本: 22cm
丛书名: 百年中国记忆
单 册:
中图分类: G792-53
科图分类:
主题词: 读书方法--du shu bi ji--文集
电子资源:
ISBN: 978-7-5205-3345-4
000 00937nam 2200277 450
001 012001001345
005 20140201140929.0
010    @a978-7-5205-3345-4@dCNY62.80
099    @aCAL 012022048812
100    @a20220905d2022 em y0chiy50 ea
101 0  @achi
102    @aCN@b110000
105    @aak z 000yy
106    @ar
200 1  @a进一寸就有欢喜@Ajin yi cun jiu you huan xi@e胡适谈读书@f胡适著
210    @a北京@c中国文史出版社@d2022.04
215    @a272页@c图@d22cm
225 2  @a百年中国记忆@Abai nian zhong guo ji yi@i名家谈读书丛书
330    @a本书从读书杂谈、读书与治学、读书与做人、读书办刊杂记等四个方面展现胡适的读书生活与读书心得。
410  0 @12001 @a百年中国记忆@i名家谈读书丛书
517 1  @a胡适谈读书@Ahu shi tan du shu
606 0  @a读书方法@Adu shu bi ji@j文集
690    @aG792-53@v5
701  0 @a胡适,@Ahu shi@f1891-1962@4著
801  0 @aCN@bAHXH@c20221111
905    @b1366163-7@dG792-53@e2779@f5
    
    进一寸就有欢喜:胡适谈读书/胡适著.-北京:中国文史出版社,2022.04
    272页:图;22cm.-(百年中国记忆.名家谈读书丛书)
    
    
    ISBN 978-7-5205-3345-4:CNY62.80
    本书从读书杂谈、读书与治学、读书与做人、读书办刊杂记等四个方面展现胡适的读书生活与读书心得。
●
相关链接 在E读中查询图书 在五车中查询图书 在当当中查询图书 在豆瓣中查询图书


正题名:进一寸就有欢喜     索取号:G792-53/2779         预约/预借

序号 登录号 条形码 馆藏地/架位号 状态 备注
1 1366163   213661633   第一样本阅览室/ [索取号:G792-53/2779] 在馆    
2 1366164   213661642   教育系资料室/ [索取号:G792-53/2779] 在馆    
3 1366165   213661651   教育系资料室/ [索取号:G792-53/2779] 在馆    
4 1366166   213661660   第四借阅区/ [索取号:G792-53/2779] 在馆    
5 1366167   213661679   第四借阅区/ [索取号:G792-53/2779] 在馆    
唐山师范学院图书馆 欢迎您!
大连网信软件有限公司© 版权所有